[Event "World Blitz 2015"]
[Site "Berlin GER"]
[Date "2015.10.13"]
[Round "4.1"]
[White "Carlsen, M."]
[Black "Fressinet, L."]
[Result "1-0"]
[WhiteElo "2850"]
[BlackElo "2702"]
[PlyCount "87"]
[EventDate "2015.10.13"]
[EventType "blitz"]

1. d4 Nf6 2. a3 g6 3. Bf4 d6 4. e3 Bg7 5. Nf3 O-O 6. Be2 b6 7. O-O Bb7 8. h3
Nbd7 9. c4 Ne4 10. Bh2 e5 11. d5 a5 12. b3 f5 13. Nfd2 Ndc5 14. Nxe4 Nxe4 15.
Ra2 Bc8 16. f3 Nc5 17. Nc3 Qg5 18. f4 Qe7 19. Nb5 Ba6 20. Kh1 Ne4 21. Rc2 exf4
22. exf4 Rae8 23. Bf3 Rf7 24. Nd4 Bc8 25. Nc6 Qh4 26. Bxe4 Rxe4 27. b4 axb4 28.
axb4 Bd7 29. c5 bxc5 30. bxc5 Bxc6 31. dxc6 dxc5 32. Rxc5 Bf8 33. Re5 Bd6 34.
Rxe4 fxe4 35. Qd4 Re7 36. f5 Bxh2 37. Qd8+ Kf7 38. fxg6+ Kxg6 39. Kxh2 e3 40.
Qg8+ Kh6 41. Qf8+ Kg6 42. Qf5+ Kg7 43. g3 Qe4 44. Qf6+ 1-0

[Event "World Blitz 2015"]
[Site "Berlin GER"]
[Date "2015.10.13"]
[Round "8.1"]
[White "Andreikin, D."]
[Black "Carlsen, M."]
[Result "0-1"]
[WhiteElo "2720"]
[BlackElo "2850"]
[PlyCount "66"]
[EventDate "2015.10.13"]
[EventType "blitz"]

1. Nc3 Nf6 2. e4 e5 3. Nf3 Nc6 4. Bb5 Bb4 5. O-O O-O 6. d3 Bxc3 7. bxc3 d6 8.
h3 Ne7 9. Re1 a6 10. Bc4 b5 11. Bb3 c5 12. Bg5 Ng6 13. Bd5 Rb8 14. a4 h6 15.
Bxf6 Qxf6 16. axb5 axb5 17. Nh2 Qg5 18. Re3 Nf4 19. Rg3 Qe7 20. Bb3 Kh7 21. Ng4
f5 22. exf5 d5 23. c4 bxc4 24. dxc4 d4 25. Qe1 Bxf5 26. Ra6 e4 27. Qd2 Bxg4 28.
Rxg4 e3 29. fxe3 dxe3 30. Qe1 e2 31. Kh2 Nh5 32. c3 Qe5+ 33. g3 Rxb3 0-1

[Event "World Blitz 2015"]
[Site "Berlin GER"]
[Date "2015.10.13"]
[Round "9.1"]
[White "Carlsen, M."]
[Black "Vallejo Pons, F."]
[Result "1-0"]
[WhiteElo "2850"]
[BlackElo "2684"]
[PlyCount "71"]
[EventDate "2015.10.13"]
[EventType "blitz"]

1. d4 f5 2. Nf3 Nf6 3. Bf4 b6 4. e3 Bb7 5. c4 e6 6. Be2 Bb4+ 7. Nbd2 Be7 8. O-O
Nh5 9. Ne5 Nxf4 10. exf4 O-O 11. Bf3 c6 12. d5 Bf6 13. Nb3 exd5 14. cxd5 c5 15.
d6 Bxf3 16. Qxf3 Nc6 17. Qd5+ Kh8 18. Nf7+ Rxf7 19. Qxf7 Bxb2 20. Rae1 a5 21.
a4 Nd4 22. Nxd4 Bxd4 23. Re7 Bf6 24. Rxd7 Qg8 25. Rd1 c4 26. Qxg8+ Kxg8 27. Rc7
c3 28. d7 Rd8 29. Rc8 Kf7 30. Rxd8 Bxd8 31. Rc1 Ke6 32. Rxc3 Kxd7 33. Rd3+ Kc7
34. Kf1 Bf6 35. Ke2 b5 36. Rd5 1-0

[Event "World Blitz 2015"]
[Site "Berlin GER"]
[Date "2015.10.13"]
[Round "1.1"]
[White "Nikolic, Pr"]
[Black "Carlsen, M."]
[Result "0-1"]
[WhiteElo "2603"]
[BlackElo "2850"]
[PlyCount "44"]
[EventDate "2015.10.13"]
[EventType "blitz"]

1. d4 d5 2. c4 e6 3. Nf3 a6 4. e3 Nf6 5. Nc3 dxc4 6. Bxc4 b5 7. Be2 Bb7 8. O-O
Nbd7 9. Bd2 Bd6 10. Rc1 O-O 11. Qe1 Qe7 12. Nb1 e5 13. Ba5 exd4 14. Nxd4 Qe5
15. g3 c5 16. Bf3 Bxf3 17. Nxf3 Qxb2 18. e4 Rfe8 19. Bc3 Qxa2 20. e5 Qd5 21.
Qd1 Qxd1 22. Rfxd1 Bxe5 0-1

[Event "World Blitz 2015"]
[Site "Berlin GER"]
[Date "2015.10.13"]
[Round "7.1"]
[White "Carlsen, M."]
[Black "Aronian, L."]
[Result "1/2-1/2"]
[WhiteElo "2850"]
[BlackElo "2784"]
[PlyCount "99"]
[EventDate "2015.10.13"]
[EventType "blitz"]

1. d4 Nf6 2. Bf4 g6 3. Nf3 Bg7 4. e3 d6 5. h3 O-O 6. Be2 Nc6 7. Bh2 Nd7 8. a4
e5 9. a5 exd4 10. exd4 a6 11. O-O Re8 12. Nc3 Nf6 13. Re1 h6 14. d5 Ne7 15. Bf1
Nf5 16. Rxe8+ Qxe8 17. Qd2 Bd7 18. Re1 Qf8 19. b4 Re8 20. Rb1 Bc8 21. b5 axb5
22. Nxb5 Nxd5 23. Qxd5 c6 24. Qd2 cxb5 25. Bxb5 Rd8 26. Bd3 Qe7 27. Qb4 Qc7 28.
g4 Ne7 29. Qb6 Qxb6 30. Rxb6 Bc3 31. Rxd6 Bxa5 32. Bc4 Rxd6 33. Bxd6 Nc6 34.
Bd5 Bb4 35. Bf4 Kg7 36. Kg2 Be7 37. Be3 h5 38. gxh5 gxh5 39. Nd4 Nxd4 40. Bxd4+
Bf6 41. Bb6 h4 42. c4 Be5 43. Bd8 f6 44. Ba5 Kg6 45. Bd2 b6 46. Be3 Bc7 47. f3
Bd7 48. Bf2 Kg5 49. Be3+ Kg6 50. Bf2 1/2-1/2

[Event "World Blitz 2015"]
[Site "Berlin GER"]
[Date "2015.10.13"]
[Round "5.1"]
[White "Petrosian, TL."]
[Black "Carlsen, M."]
[Result "1/2-1/2"]
[WhiteElo "2625"]
[BlackElo "2850"]
[PlyCount "109"]
[EventDate "2015.10.13"]
[EventType "blitz"]

1. Nf3 d5 2. g3 Nf6 3. Bg2 c6 4. c4 Bg4 5. Ne5 Be6 6. O-O Nbd7 7. cxd5 Bxd5 8.
Nf3 e5 9. Nc3 Bxf3 10. Bxf3 Bc5 11. d3 O-O 12. Bg5 Re8 13. Rc1 Be7 14. a3 a5
15. Re1 Nf8 16. Bxf6 Bxf6 17. Ne4 Be7 18. Qb3 Qc7 19. Bg4 g6 20. Bh3 Kg7 21.
Red1 Rad8 22. Qc4 f5 23. Nc3 Bg5 24. e3 Ne6 25. b4 axb4 26. axb4 Qb6 27. Na4
Qa7 28. Nc5 Nxc5 29. bxc5 f4 30. exf4 exf4 31. Rb1 fxg3 32. hxg3 Bf6 33. d4 Re4
34. Qb3 Re7 35. Qc4 Re4 36. Qb3 Bxd4 37. Qxb7+ Qxb7 38. Rxb7+ Kh6 39. Rd7 Rxd7
40. Bxd7 Bxc5 41. Bxc6 Re2 42. Rf1 Kg5 43. Kg2 Rb2 44. Kf3 h5 45. Be4 Kf6 46.
Bd3 g5 47. Bc4 g4+ 48. Kg2 Kg5 49. Bf7 h4 50. gxh4+ Kxh4 51. Rh1+ Kg5 52. Rh5+
Kf6 53. Rxc5 Kxf7 54. Rc4 Kf6 55. Rxg4 1/2-1/2

[Event "World Blitz 2015"]
[Site "Berlin GER"]
[Date "2015.10.13"]
[Round "3.1"]
[White "Eljanov, P."]
[Black "Carlsen, M."]
[Result "0-1"]
[WhiteElo "2717"]
[BlackElo "2850"]
[PlyCount "89"]
[EventDate "2015.10.13"]
[EventType "blitz"]

1. d4 d5 2. Nf3 a6 3. Bf4 Nf6 4. e3 e6 5. Bd3 Bd6 6. O-O O-O 7. Bg5 h6 8. Bh4
Nbd7 9. Nbd2 c5 10. c3 b6 11. e4 cxd4 12. cxd4 dxe4 13. Nxe4 Be7 14. Qe2 Bb7
15. Rac1 Nxe4 16. Bxe7 Qxe7 17. Bxe4 Bxe4 18. Qxe4 Nf6 19. Qe2 Qb7 20. Rc4 Rac8
21. Rfc1 Nd5 22. Qc2 Rxc4 23. Qxc4 Ne7 24. h3 Rc8 25. Qf1 Nf5 26. Rc4 a5 27.
Qc1 Rxc4 28. Qxc4 Qe4 29. Qb5 Kh7 30. Qxb6 Qb1+ 31. Kh2 Qxa2 32. Qb5 a4 33. g4
Nd6 34. Qb4 Qd5 35. Qc3 Nc4 36. Ne5 Nxe5 37. dxe5 Qe4 38. f3 Qf4+ 39. Kg2 g6
40. h4 Kg7 41. Kh3 h5 42. g5 Kh7 43. Qc7 Qxf3+ 44. Kh2 Kg7 45. Qc5 0-1

[Event "World Blitz 2015"]
[Site "Berlin GER"]
[Date "2015.10.13"]
[Round "2.1"]
[White "Carlsen, M."]
[Black "Akopian, Vl"]
[Result "1-0"]
[WhiteElo "2850"]
[BlackElo "2648"]
[PlyCount "41"]
[EventDate "2015.10.13"]
[EventType "blitz"]

1. e4 c5 2. Nf3 Nc6 3. Bb5 d6 4. O-O Bd7 5. Re1 Nf6 6. h3 e6 7. c3 Be7 8. d4
cxd4 9. cxd4 d5 10. e5 Ne4 11. Bf1 O-O 12. Nbd2 Nxd2 13. Bxd2 Rc8 14. a3 Na5
15. Bd3 Nc4 16. Bc1 h6 17. Bc2 Bb5 18. Qd3 g6 19. Qd1 Qc7 20. Bd3 Rfe8 21. b3
1-0

[Event "World Blitz 2015"]
[Site "Berlin GER"]
[Date "2015.10.13"]
[Round "11.1"]
[White "Carlsen, M."]
[Black "Karjakin, Sergey"]
[Result "0-1"]
[WhiteElo "2850"]
[BlackElo "2762"]
[PlyCount "94"]
[EventDate "2015.10.13"]
[EventType "blitz"]

1. d4 Nf6 2. Bf4 d5 3. e3 e6 4. Nf3 c5 5. c3 Nc6 6. Nbd2 Bd6 7. Bg3 O-O 8. Bb5
a6 9. Bxc6 bxc6 10. Ne5 Qc7 11. Nd3 c4 12. Bxd6 Qxd6 13. Nc5 e5 14. b3 cxb3 15.
axb3 Re8 16. O-O Ng4 17. g3 Qh6 18. h4 Ra7 19. Kg2 Rae7 20. Nf3 e4 21. Nh2 Nxh2
22. Kxh2 g5 23. Rh1 gxh4 24. Kg1 h3 25. Nxa6 Ra7 26. Nc5 Rxa1 27. Qxa1 Bg4 28.
Kh2 Qf6 29. Qb2 Qf3 30. Rg1 Ra8 31. c4 Kg7 32. cxd5 cxd5 33. b4 Rb8 34. Na6 Rb6
35. Nc7 Rxb4 36. Qa2 Ra4 37. Qb2 Ra5 38. Ne8+ Kg6 39. Nc7 h5 40. Qc2 Kh7 41.
Qb2 Qf6 42. Rc1 Qf3 43. Rg1 Qf5 44. Rc1 Ra7 45. Ne8 Qf3 46. Rg1 Ra6 47. Qc2 Re6
0-1

[Event "Sinquefield Cup 3rd"]
[Site "Saint Louis"]
[Date "2015.09.01"]
[Round "9"]
[White "Anand, Viswanathan"]
[Black "Carlsen, Magnus"]
[Result "1/2-1/2"]
[WhiteElo "2816"]
[BlackElo "2853"]
[PlyCount "71"]
[EventDate "2015.08.23"]
[EventType "tourn"]
[EventRounds "9"]
[EventCountry "USA"]
[EventCategory "22"]
[SourceTitle "CBM 168"]
[Source "ChessBase"]
[SourceDate "2015.09.14"]

1. e4 e5 2. Nf3 Nc6 3. Bb5 Nf6 4. O-O Nxe4 5. d4 Nd6 6. Bxc6 dxc6 7. dxe5 Nf5
8. Qxd8+ Kxd8 9. h3 h5 10. Nc3 Be7 11. Rd1+ Ke8 12. Ne2 Nh4 13. Nxh4 Bxh4 {
Both players took a long time to get to this position, but it had all been
played before.} 14. f3 Bf5 15. Nd4 (15. c3 Bc2 16. Rd2 Bf5 17. g4 Be6 {was
fine for Black in Leko-Radjabov, 2014. The Azeri won that game in the long run.
}) 15... Bg6 16. Bf4 Be7 17. g4 {Anand mentioned that he had looked at this
idea with f3 and g4, but must have botched it up at some point.} Rd8 18. Kg2
hxg4 19. hxg4 Bc5 20. c3 Bxd4 21. Rxd4 Rxd4 22. cxd4 Ke7 {Whtie retains some
chances of creating an advantage if he can push f4-f5, but it looks difficult
to achieve... and when it does, still the advantage is not that clear.} 23. Rc1
Ke6 24. Be3 f6 {Now the draw is obvious. The structural advantage is
meaningless with the opposite colored bishops on the board.} 25. exf6 gxf6 26.
Bd2 Rd8 27. Bc3 Kf7 28. Kg3 Re8 29. Rh1 Bd3 30. Re1 Rxe1 31. Bxe1 Bc4 32. a3 b6
33. Kf4 a5 34. Ke3 a4 35. Bg3 b5 36. Bxc7 1/2-1/2

[Event "Sinquefield Cup 3rd"]
[Site "Saint Louis"]
[Date "2015.08.30"]
[Round "7"]
[White "Carlsen, Magnus"]
[Black "Grischuk, Alexander"]
[Result "0-1"]
[WhiteElo "2853"]
[BlackElo "2771"]
[Annotator "Roiz,M"]
[PlyCount "132"]
[EventDate "2015.08.23"]
[EventType "tourn"]
[EventRounds "9"]
[EventCountry "USA"]
[EventCategory "22"]
[SourceTitle "CBM 168"]
[Source "ChessBase"]
[SourceDate "2015.09.14"]

1. e4 c5 2. Nf3 d6 3. d4 cxd4 4. Nxd4 Nf6 5. Nc3 a6 6. Be2 e5 7. Nb3 Be7 8. Be3
Be6 9. Qd3 Nbd7 10. Nd5 O-O {Alexander Grischuk chooses a tricky order of
moves. Now it's hard to suggest anything better than 11.0-0.} ({In case of} 
10... Bxd5 11. exd5 O-O {Black has to deal with a more aggressive approach -}
12. g4 $5) 11. O-O ({After} 11. c4 b5 $1 12. cxb5 axb5 13. O-O Bxd5 14. exd5
Nb6 15. Bxb6 Qxb6 16. Qxb5 Qa7 $44 {Black had an excellent compensation for a
pawn in 1/2 Svidler,P (2672)-Gelfand,B (2692)/Haifa 2000}) 11... Bxd5 12. exd5
Rc8 $5 {Provoking the c2-c4 advancement.} (12... Nc5 {is much more popuar here.
}) 13. c4 ({Black has nothing to worry about after} 13. a4 Nb6 14. Bxb6 Qxb6
15. a5 Qc7 $132) 13... Ne8 {That move is connected with a typical plan of
regrouping the k-side pieces.} (13... a5 14. Kh1 Re8 15. Rad1 Bf8 16. Nd2 g6
17. b3 Bg7 18. a3 h5 19. f3 b6 20. b4 $14 {1-0 Short,N (2645)-Cheparinov,I 
(2713)/Wijk aan Zee 2008}) 14. Qd2 {An exchange of bishops would definitely
suit Black, so Magnus prevents it for a while.} ({Dubious is:} 14. Bg4 $6 e4 $1
15. Qxe4 Nef6 16. Qd4 Nxg4 17. Qxg4 Ne5 18. Qe2 Nxc4 19. Bd4 Bf6 $15 {0-1
Medvegy,Z (2462)-Shariyazdanov,A (2612)/Oberwart 2000/EXT 2001 (51)}) ({
Black gets a comfortable play after} 14. Rac1 Bg5 15. Nd2 Bxe3 16. Qxe3 Nef6
$11 {0-1 Pinter,G (2384)-Seres,L (2444)/Budapest 2000/CBM 079 ext (29)}) 14...
b6 {A double-edged move. Alexander restricts the activity of Nb3, but the
weakness of c6-spot may tell in the long run.} ({Another Najdorf expert
Alexander Areschenko has opted for:} 14... f5 $5 15. f4 g6 16. Na5 (16. Kh1
Nef6 17. fxe5 Ne4 18. Qe1 dxe5 19. Na5 Rb8 20. b4 Bh4 $1 21. g3 f4 $132) 16...
exf4 17. Bxf4 Nef6 $132 {Black had a decent counterplay in 0-1 Hovhannisyan,R 
(2592)-Areshchenko,A (2701)/Martuni 2014}) 15. Rac1 $146 {A natural innovation.
The rook may support he thematic c4-c5 advancement, while the a1-spot is
vacant for the knight's route.} ({The previously played} 15. f4 {should be met
by:} f5 (15... Qc7 16. Rac1 Nc5 (16... Nef6 17. fxe5 dxe5 18. Qe1 Bd6 19. Qh4
Rfe8 20. Kh1 $14) 17. Nxc5 bxc5 18. Bd3 $14 {1-0 Tsiros,F (2147)-Marosi,L 
(2211)/Gyor HUN 2014}) 16. Rae1 a5 $132) ({The saim can be said about} 15. Rae1
a5 (15... g6 16. Bh6 Ng7 17. f4 $14) 16. f4 f5 $1 $132 ({Now} 16... g6 $6 {
looks too passive in view of:} 17. f5 Ng7 18. Bd3 Nxf5 19. Bxf5 gxf5 20. Rxf5
Rxc4 21. Qe2 $36)) 15... a5 ({The more aggressive way of handling the position
was:} 15... f5 16. f3 f4 17. Bf2 Bh4 18. Bd3 g6 $132 {, but Alexander's plan
wasn't based on the f7-f5 advancement.}) 16. Na1 g6 {An original way of
handling the position. As was mentioned before, Black deviates from the usual
f7-f5 advancement in order to keep the f5-spot vacant for the knight.} 17. b4 (
17. Nc2 Ng7 18. Bh6 (18. Bd3 f5 19. f3 f4 20. Bf2 Bh4 $132) 18... Re8 19. g4 f5
$132) 17... Ng7 ({No doubt, the naive} 17... axb4 $6 {would be strongly met by:
} 18. Nc2 $1 f5 19. Bh6 Rf7 20. Nxb4 Nef6 21. Nc6 $14) 18. bxa5 bxa5 ({It was
possible to exchange the powerful dark-squared bishop at cost of a pawn:} 18...
Nf5 $5 19. Bxb6 Nxb6 20. axb6 Qxb6 21. Nc2 Qa7 $44) 19. Bd3 ({After} 19. Nb3 $6
Nf5 20. Nxa5 Nxe3 21. fxe3 Bg5 22. Nc6 Qb6 23. Rc3 Ra8 {White's position is
getting unpleasant from practical point of view - the extra pawn has no much
value here.}) 19... Nc5 20. Bc2 {That retreat gives Black more time for
activating their pieces.} ({Deserved a serious attention} 20. Rb1 $5 Nxd3 21.
Qxd3 Qc7 22. Rfc1 Rb8 (22... Nf5 23. Bb6 Qd7 24. Nb3 $14) 23. Rb5 Nf5 24. a4
Nxe3 25. Qxe3 {The arising complex position contains strategic risk for both
sides, but White's play seems somewhat easier.}) 20... a4 {A consistent
continuation - the Na1 is out of moves now.} ({However, there was no reasons
for rejecting the more aggressive} 20... f5 $5 21. f3 a4 22. Rb1 Bf6 {and
Black is not worse at the very least.}) 21. Rb1 e4 $6 {A dubious pawn
sacrifice. Perhaps, Alexander has overestimated the effect of knight's
appearance on f5.} (21... f5 $142 22. Rb4 (22. Rb5 $6 Nd7 $1 23. Qb4 f4 24. Bc1
f3 $40) 22... Qa5 23. Rd1 Bd8 $132) 22. Bxc5 ({It was possible to postpone
that exchange:} 22. Qe2 $5 f5 (22... Nf5 23. Bxc5 Rxc5 24. Qxe4 $14) (22... Qd7
23. Bxc5 Rxc5 24. Bxe4 $14) 23. Bxc5 Rxc5 24. Bxa4 Bf6 25. Nb3 Rc8 26. g3 $14)
22... Rxc5 23. Bxa4 $6 {Returning the favoure. Now Alexander's 21 move fully
justifies.} ({At the same time, after} 23. Qe2 $1 f5 (23... Qc7 24. Bxa4 Rxc4
25. Bb5 Rc3 26. Qxe4 $14) 24. Bxa4 Ra5 25. Bb5 $14 {it would be not easy to
develop an attack, so Black doesn't have a sufficient compensation for a pawn.}
) 23... Rxc4 24. Bc6 Nf5 25. Qe2 Rc3 26. Qxe4 {Finally White has won a pawn,
but now Black's pieces are much more active than before.} Ra3 27. Qe2 ({
Nothing promises:} 27. Nc2 Rxa2 28. Nb4 Ra3 29. Bb5 Bf6 30. Nc6 Qb6 31. Be2 Qc5
$11) ({Another way to protect the Pa2 was:} 27. Qc4 Bf6 28. Nc2 Rc3 29. Qa4 Be5
$44 {, but Black gets a decent compensation either.}) 27... Bf6 28. Nb3 Qe7 29.
Qxe7 ({White hardly may play for a win with such a passive pieces:} 29. Rfe1
Qa7 30. Nc1 Nd4 31. Qe4 Rb8 32. Rxb8+ Qxb8 33. Qe8+ Qxe8 34. Rxe8+ Kg7 $11)
29... Nxe7 30. Nd2 Rxa2 $11 {The extra pawn is gone, so the position is
completely equal now.} 31. Nc4 (31. Ne4 Be5 32. f4 Bd4+ 33. Kh1 Nf5 $11) 31...
Rd8 32. g4 $6 {An over-ambitious decision. White pushes for a win, but
exposing the king that way is risky.} (32. Rfd1 $142 Kg7 33. g3 $11) 32... Bd4
$1 {Immediately exploiting White's inaccuracy. The bishop is coming to c5,
where it will puts a strong pressure on the Pf2. At the same time, White's
bishop is not doing much.} 33. Rbd1 $6 {One more mistake, which leads to a
loss of pawn.} ({It looks like White shouldn't be able to solve the problems
quite easily after} 33. Rb7 Kf8 34. Kg2 g5 35. Kf3 Ng6 36. Ke4 $1 Rxf2 37. Rxf2
Bxf2 38. h3 $11 {activating all the pieces.}) 33... Bc5 34. Rd2 {It is
necessary to exchange the opponent's active rook.} Rxd2 35. Nxd2 Nxc6 36. dxc6
Rc8 37. Ne4 Rxc6 38. Rd1 {The arising endgame must be very unpleasant for
Magnus, but White still has good drawish chances due to a limited material
ballance.} h6 39. h4 Kf8 40. Kg2 Ke7 41. Rc1 {Preventing Black from advancing
the passer for a while.} Rc8 42. Kf3 Ke6 43. Rc2 Rc7 44. h5 $1 {Correctly
swapping more pawn on the k-side.} (44. Rc1 Bb6 45. Re1 Rc2 $17) 44... gxh5 ({
Comparing to the previous note,} 44... Bb6 $6 {can be strongly met by:} 45. Re2
$1 Bd4 46. g5 $1 hxg5 47. hxg6 fxg6 48. Kg4 {and draw becomes unavoidable.})
45. gxh5 Bb6 {Obviously, sooner or later Black has to unpin the bishop.} 46.
Re2 Bd4 $1 {Alexander manages to find an excellent resourse - the bishop's
transfer to e5 would pose White more problems.} 47. Kg3 ({Unfortunately,} 47.
Ng3+ Be5 48. Ra2 Rc3+ 49. Kg2 {leads to a hopeless rook's ending:} Bxg3 50.
fxg3 Rc5 51. g4 f5 $19) 47... d5 (47... f5 $5 48. Ng5+ Kf6 49. Nh3 Rg7+ 50. Kf3
Be5 $17) 48. Nd2+ Kf5 49. Kg2 (49. Nf3 Bf6 50. Ra2 d4 51. Ra5+ Ke4 52. Nd2+ Kd3
53. Nf3 Kc2 $17) 49... Be5 50. Nf3 Bf6 51. Ra2 Rd7 52. Ne1 {Obviously, White's
only plan is to set-up blockade.} Rc7 $6 ({There was no reason to deviate from:
} 52... Kg4 53. Ra6 Bg7 54. Nd3 Kxh5 55. Kf3 Kg5 $17 {grabbing the second pawn,
though White still in the game due to activity of all the pieces.}) 53. Kf3 Bg5
54. Ra5 Ke5 55. Ke2 {Now it is not easy to make any progress.} Ke4 56. Ra4+ d4
57. f3+ Kd5 58. Ra5+ Kc4 ({Correctly rejecting} 58... Rc5 59. Rxc5+ Kxc5 60. f4
Bf6 61. Kd3 Kd5 62. Nf3 Bg7 63. Nh4 $11) 59. Nd3 {Provoking the exchange of
rooks.} ({Possibly,} 59. Ra4+ $5 {would be a better choice from practical
point of view:} Kc3 60. Ra3+ Kb4 61. Ra8 Re7+ 62. Kd1) 59... Re7+ 60. Re5 Re6
$5 {Alexander is trying to change the static character of position.} ({It
looks like White should be able to achieve a draw after} 60... Kc3 61. Rxe7
Bxe7 62. Ne5 Kc2 63. Nd3 f6 64. Nf4 Bd6 65. Nd3 f5 66. Ne1+ Kc3 67. Nd3 {
and White's knight has enough spots.}) 61. f4 $1 {The only move.} ({White
cannot afford changing the pawn structure:} 61. Rxe6 $2 fxe6 62. Ne5+ (62. f4
Be7 63. Kd2 Kd5 $19) 62... Kc3 63. Nd3 Be7 64. Ne5 Bf6 65. Nd3 Bh4 66. Ne5 Bg3
67. Nd3 e5 68. Nc5 Kc4 69. Nd3 Kd5 $19 {[%csl Rh5][%cal Gd5e6,Ge6f5]}) 61...
Bf6 62. Rxe6 fxe6 {A critical moment.} 63. Nf2 $2 {A decisive mistake.} ({
The precise} 63. Kd2 {would allow Magnus to save a half point:} Kd5 64. Ke2 Bd8
(64... Ke4 65. Nc5+ Kxf4 66. Nxe6+ Kg4 67. Kf2 Kxh5 68. Nxd4 Bxd4+ 69. Kg2 $11)
65. Kf3 Bc7 66. Nf2 Bd6 67. Nd3 $11) 63... Be7 64. Ng4 ({Hopeless was also:} 
64. Nd3 Kc3 65. Nf2 Kc2 66. Nd3 Bf8 67. Ne1+ Kc3 68. Nd3 Bd6 $19) 64... Kc3 65.
f5 ({Or} 65. Kd1 Bf8 66. Nf2 d3 67. Ng4 Kd4 68. Ke1 Ke4 $19) 65... exf5 66.
Nxh6 Kc2 $1 ({White resigns, in view of:} 66... Kc2 67. Nxf5 d3+ 68. Kf3 Bc5
$19 {[%csl Gc5,Rf5][%cal Gd3d2]}) 0-1